Biometria bola len začiatok. Poisťovne sa pripravujú na ďalšiu automatizáciu procesov

Zmeny v oblasti poistného trhu. Posťovne sa snažia držať krok s rozvojom v oblasti technologických noviniek a byť nositeľom trendov v oblasti digitálizácie. Cieľom je minimalizovať manuálne opakujúce sa sa činnosti a zjednodušiť ich prostredníctvom moderných IT technológií. Medzi novinky patria IoT...

ver descrição completa

Na minha lista:
Detalhes bibliográficos
Formato: Capítulo de Livro
Idioma:eslovaco
Assuntos:
Tags: Adicionar Tag
Sem tags, seja o primeiro a adicionar uma tag!

MARC

LEADER 00000naa a2200000 4500
001 0235942
005 20170921092106.9
041 0 |a slo 
044 |a CZ 
245 1 0 |a Biometria bola len začiatok. Poisťovne sa pripravujú na ďalšiu automatizáciu procesov 
520 |a Zmeny v oblasti poistného trhu. Posťovne sa snažia držať krok s rozvojom v oblasti technologických noviniek a byť nositeľom trendov v oblasti digitálizácie. Cieľom je minimalizovať manuálne opakujúce sa sa činnosti a zjednodušiť ich prostredníctvom moderných IT technológií. Medzi novinky patria IoT (Internet of Things) a poisťovací robot. 
610 2 0 |a digitalizácia 
610 2 0 |a identifikácia automatická 
610 2 0 |a technológie nové 
610 2 0 |a automatizácia 
610 2 0 |a poisťovníctvo 
610 2 0 |a trh poistný